000 00833nam a22001815i 4500
001 170705
003 ES-MaACL
005 20230906214435.0
008 090331s1864 sp |||| | spa d
100 0 _aGarcía Cuevas, Francisco.
_954396
245 1 3 _aEl rapacín de Candás
_b: zarzuela en un acto y en verso /
_coriginal de Francisco García Cuevas ; música Gabriel Balart.
260 _aMadrid :
_b[s.n.],
_c1864 (
_fImp. M. Rivadeneyra)
300 _a40 p. ;
_c19 cm.
500 _aEn port.: Representada por primera vez en el teatro del Circo, el 14 de octubre de 1864.
500 _aSolo el texto.
700 1 _aBalart, Gabriel.
_9125787
852 _aES-MaACL
_jF-8554(4)
_z.- Enc. pasta española
_q.- Falto de la cub. original
_z.- Enc. en vol. facticio formando parte de la col. facticia "Teatro español moderno", v. 6
999 _c170705
_d170705